| 000 | 01252cam a22003134a 4500 | ||
|---|---|---|---|
| 005 | 20260322212101.0 | ||
| 008 | data | ||
| 010 | _a 2005022327 | ||
| 020 | _a0307336646 | ||
| 020 | _a9780307336644 | ||
| 040 |
_aDLC _cDLC _dDLC _dBAKER _dVP@ _dDLC |
||
| 042 | _apcc | ||
| 050 | 0 | 0 |
_aRM666.H33 _bA16 2006 |
| 082 | 0 | 0 |
_a615/.7045 _222 |
| 096 | _aQV 38 H33 2006 | ||
| 245 | 0 | 0 |
_aA-Z guide to drug-herb-vitamin interactions : _bimprove your health and avoid side effects when using common medications and natural supplements together / _cedited by Alan Gaby. |
| 250 | _aRev. and expanded 2nd ed. | ||
| 260 |
_aNew York : _bThree Rivers Press, _cc2006. |
||
| 300 |
_axxviii, 338 p. ; _c28 cm. |
||
| 500 | _aIncludes index. | ||
| 505 | 0 | _aIntroduction -- How to use this book -- What are depletions and interactions? -- Interactions by drug. | |
| 650 | 0 | _aDrug-herb interactions. | |
| 650 | 0 | _aDrug-nutrient interactions. | |
| 700 | 1 | _aGaby, Alan. | |
| 856 | 4 | 1 |
_3Table of contents only _uhttp://www.loc.gov/catdir/toc/ecip0517/2005022327.html |
| 856 | 4 | 2 |
_3Publisher description _uhttp://www.loc.gov/catdir/enhancements/fy0622/2005022327-d.html |
| 856 | 4 | 1 |
_3Sample text _uhttp://www.loc.gov/catdir/enhancements/fy0809/2005022327-s.html |
| 001 | data | ||
| 999 |
_c1451 _d1451 |
||